Automechanika Middle East - official show catalogue (7 - 9 June 2011 : Dubai International Convention and Exhibition Centre, Dubai, United Arab Emirates).
| Format: | Book |
|---|---|
| Published: |
Dubai:
Messe Frankfurt,
2011.
|
| Subjects: |
| LEADER | 00526cam a2200133 7i4500 | ||
|---|---|---|---|
| 001 | 0000027626 | ||
| 005 | 20120302090000.0 | ||
| 090 | 0 | 0 | |a WESA 381.1025 |b AUT |
| 245 | 0 | 0 | |a Automechanika Middle East - official show catalogue (7 - 9 June 2011 : Dubai International Convention and Exhibition Centre, Dubai, United Arab Emirates). |
| 260 | 0 | 0 | |a Dubai: |b Messe Frankfurt, |c 2011. |
| 300 | # | # | |a 400 p. |
| 650 | 0 | 0 | |a West Asia |
| 650 | 0 | 0 | |a Automechanika -- |x Directories -- |z West Asia |
| 999 | |a 0000028908 |b Directories |c Regions |e Business Information Centre | ||